000 00436nam a2200157Ia 4500
005 20250616001827.0
008 240331s9999 xx 000 0 und d
020 _a9555735379
082 _a305
_bSRI
100 _aAthukorala,P
245 0 _aSri Lankawe wargika gataluwa :
_bprabhawaya saha wardanaya
260 _aNugegoda
_bUniversity Press
_c2006
300 _a139 p .,
500 _aA Book on Ethnic problem in Sri Lanka
942 _cL
999 _c5238
_d5238